| 000 | 00346nam a22001217a 4500 | ||
|---|---|---|---|
| 008 | 171027b xxu||||| |||| 00| 0 eng d | ||
| 050 | _aPR-216-1 | ||
| 100 |
_aTolstoy, Leo _937311 |
||
| 245 |
_aDeath of Ivan Ilych and other stories _cLeo Tolstoy |
||
| 260 |
_aNew York _bPenguin Books _c1960 |
||
| 300 |
_a300p. ; _c18cm. |
||
| 942 |
_2lcc _cMONOGRAPH |
||
| 999 |
_c127159 _d127159 |
||